| 000 | 00534nam a22001937a 4500 | ||
|---|---|---|---|
| 003 | CEME | ||
| 005 | 20210628204043.0 | ||
| 008 | 210107b xxu||||| |||| 00| 0 eng d | ||
| 020 | _a9789380931036 | ||
| 040 | _cceme | ||
| 082 | _a620.112 CAS | ||
| 100 |
_aCase, John, Chilver, Lord, Ross, Carl T.F _968473 |
||
| 245 | _aStrength of materials and structures | ||
| 250 | _a4TH | ||
| 260 |
_aNEW DELHI _bELSEVIER _c2011 |
||
| 300 | _aXIV, 706P | ||
| 650 |
_aSTRENGTH OF MATERIALS.STRENGTH OF STRUCTURES _968474 |
||
| 942 |
_cBK _2ddc |
||
| 999 |
_c576043 _d576043 |
||